Proceso penal y derechos humanos / (Record no. 122590)

MARC details
000 -LEADER
fixed length control field 00688nam a22002057a 4500
005 - DATE AND TIME OF LATEST TRANSACTION
control field 20161201075927.0
008 - FIXED-LENGTH DATA ELEMENTS--GENERAL INFORMATION
fixed length control field 161201b1993 mx ||||| |||| 001 0dspa d
020 ## - INTERNATIONAL STANDARD BOOK NUMBER
International Standard Book Number 9684525125
050 04 - LIBRARY OF CONGRESS CALL NUMBER
Classification number KGF5866
Item number G37 1993
100 1# - MAIN ENTRY--PERSONAL NAME
Personal name García Ramírez, Sergio,
Relator term autor
245 10 - TITLE STATEMENT
Title Proceso penal y derechos humanos /
Statement of responsibility, etc Sergio García Ramírez.
250 ## - EDITION STATEMENT
Edition statement Segunda edición
260 ## - PUBLICATION, DISTRIBUTION, ETC. (IMPRINT)
Place of publication, distribution, etc México :
Name of publisher, distributor, etc Porrúa : Universidad Nacional Autónoma de México,
Date of publication, distribution, etc c1993
300 ## - PHYSICAL DESCRIPTION
Extent xi, 410 páginas ;
Dimensions 24 cm.
504 ## - BIBLIOGRAPHY, ETC. NOTE
Bibliography, etc Bibliografía : p. 389-404
504 ## - BIBLIOGRAPHY, ETC. NOTE
Bibliography, etc Incluye índice
650 #7 - SUBJECT ADDED ENTRY--TOPICAL TERM
Source of heading or term lemb
Topical term or geographic name as entry element Derechos humanos
Geographic subdivision México
650 #7 - SUBJECT ADDED ENTRY--TOPICAL TERM
Source of heading or term lemb
Topical term or geographic name as entry element Procedimiento penal
Geographic subdivision México
942 ## - ADDED ENTRY ELEMENTS (KOHA)
Source of classification or shelving scheme Biblioteca del Cogreso de los Estados Unidos
Koha item type Libro
Holdings
Estado de pérdida Fuente de clasificación Estado del daño No para préstamo Ubicación permanente Ubicación actual Apartado o colección Fecha de adquisición Edición Enumeración de Serie / Cronológica Dependencia de educación superior (DES) Área del conocimiento Clasificación Código de Barras Date last seen Número de copia Tipo de recurso
  Biblioteca del Cogreso de los Estados Unidos     Biblioteca de la Facultad de Derecho y Ciencias Sociales "Felipe J. Tena" Biblioteca de la Facultad de Derecho y Ciencias Sociales "Felipe J. Tena" General 01/12/2016 2a ed. BFD000008240 Derecho Ciencias Sociales y Administrativas KGF5866 G37 1993 2A ED. BFD000008240 01/12/2016 1 Libro
  Biblioteca del Cogreso de los Estados Unidos     Biblioteca de la Facultad de Derecho y Ciencias Sociales "Felipe J. Tena" Biblioteca de la Facultad de Derecho y Ciencias Sociales "Felipe J. Tena" General 01/12/2016 2a ed. BFD000008241 Derecho Ciencias Sociales y Administrativas KGF5866 G37 1993 2A ED. BFD000008241 01/12/2016 2 Libro